000 00840nam a2200241Ia 4500
003 GCL
005 20240530103122.0
008 140319s9999 xx 000 0 ara d
040 _aGCL /
_cGCL
082 0 4 _a940.18
_bب ح
100 1 _aالسيد الباز العرينى
245 1 0 _aالحروب الصليبية /
_cالسيد الباز العرينى
260 _a[S.N] :
_bدار النهضة العربية ،
_c1967
300 _a265 ص
650 0 4 _aالحروب الصليبية
650 0 4 _aالحروب الصليبية فى فلسطين والشام
650 0 4 _aالحروب الصليبية فى مصر
650 0 4 _aحضارة العصور الوسطى
650 0 4 _aالعصور الوسطى - تاريخ
650 0 4 _aاوربا - تاريخ
700 1 _aباركر، ارنسيت
942 _2ddc
_cBK
999 _c36965
_d36965